[Event "Saint Affrique op 15th"]
[Site "Saint Affrique"]
[Date "2007.??.??"]
[Round "2"]
[White "Maris, Vincent"]
[Black "Hamdouchi, Hicham"]
[Result "0-1"]
[WhiteElo "2080"]
[BlackElo "2576"]
[PlyCount "114"]
[EventDate "2007.07.21"]
[EventType "swiss"]
[EventRounds "9"]
[EventCountry "FRA"]
[SourceTitle "CBM 119 Extra"]
[Source "ChessBase"]
[SourceDate "2007.09.04"]
[SourceVersion "1"]
[SourceVersionDate "2007.09.04"]
[SourceQuality "1"]

1. e4 c5 2. Nf3 e6 3. d4 cxd4 4. Nxd4 a6 5. Bd3 g6 6. 0-0 Bg7 7. Ne2 Nc6 8. c4 Nf6 9. Nbc3 Qc7 10. Bf4 Ne5 11. h3 0-0 12. b3 b6 13. Bh2 Bb7 14. Rc1 Rad8 15. Kh1 d6 16. Bb1 Qe7 17. f4 Ned7 18. Qd3 Nc5 19. Qe3 a5 20. Rfd1 Rfe8 21. e5 dxe5 22. fxe5 Rxd1+ 23. Rxd1 Nfd7 24. Bg3 h6 25. Nd4 Rd8 26. Re1 Nxe5 27. Bxe5 Bxe5 28. Qxe5 Qh4 29. Nf3 Bxf3 30. gxf3 Qxh3+ 31. Kg1 Qxf3 32. Re3 Qg4+ 33. Rg3 Qd4+ 34. Qxd4 Rxd4 35. Kf2 g5 36. Nb5 Rd2+ 37. Ke3 Rb2 38. Rg1 f5 39. Kd4 Kf7 40. Ke5 Ke7 41. Nc3 Rd2 42. Bxf5 Nd7+ 43. Ke4 exf5+ 44. Kxf5 Kf7 45. Re1 Rf2+ 46. Kg4 Nf6+ 47. Kg3 Rc2 48. Na4 h5 49. Nxb6 h4+ 50. Kh3 Kg6 51. Nd5 Nxd5 52. cxd5 Kh5 53. Re5 Rxa2 54. d6 Rd2 55. Rxa5 Rxd6 56. Rb5 Rd2 57. b4 Rb2 0-1